Quiz o nowym Papieżu ( Leon XIV ) - Statystyki

Ogólne statystyki
  • Ten quiz został rozwiązany 145 razy
  • Średni wynik to 14 z 16
Statystyki odpowiedzi
Podpowiedź Odpowiedź % Poprawnych
wiek 69
98%
kraj urodzenia Stany Zjednoczone
98%
drugie imię Francis
96%
rok wybrania 2025
95%
kontynent urodzenia Ameryka Północna
94%
poprzednik Franciszek
94%
miesiąc wybrania maj
94%
języki w którym mówi oprócz ojczystego hiszpański/włoski/francuski/portugalski
93%
dzień wybrania 8
92%
rok urodzenia 1955
91%
imię Robert
91%
miasto urodzenia Chicago
89%
dzień tygodnia wybrania czwartek
89%
nazwisko Prevost
85%
języki w którym nie potrafi mówić ale umie czytać łaciński/niemiecki
73%
nazwa państwa z którego ma korzenie ( oprócz kraju urodzenia ) Hiszpania/Francja/Włochy
70%
Nie znaleziono quizów pasujących do podanych kryteriów
Rozkład punktacji
Procent ludzi z każdym wynikiem
Percentyl według liczby udzielonych odpowiedzi
Twoja historia wyników
Nie rozwiązałeś tego quizu